| 000 | 00423cam a2200169ua 4500 | ||
|---|---|---|---|
| 020 | _cRs.5/- | ||
| 041 |
_aeng _h |
||
| 082 |
_a370.1523 _bDEH/AC |
||
| 100 | _aRobert, F . | ||
| 245 |
_aAcceletated learning programs / _cDehaan. _hTextual Documents |
||
| 260 |
_a : _bPrentice Hall of India Pvt Ltd. , _c1965. |
||
| 300 | _a120 ; . | ||
| 365 | _aRs.5/- | ||
| 504 | _a | ||
| 999 |
_c11268 _d11268 |
||